mysqli: Table './ulib62015/stat_globaluid' is marked as crashed and should be repaired
select id from stat_globaluid where statuid='20260517125351_971'
mysqli: Table './ulib62015/stat_globaluid' is marked as crashed and should be repaired
DELETE FROM stat_globaluid
WHERE id NOT IN (
SELECT id
FROM (
SELECT id
FROM stat_globaluid
ORDER BY id DESC
LIMIT 100
) foo
);
mysqli: Table './ulib62015/stat_globaluid' is marked as crashed and should be repaired
insert into stat_globaluid set
statuid='20260517125351_971',
dt='1778997231',
phpself='/ULIB62015/dublinfull.php',
agent='Mozilla/5.0 AppleWebKit/537.36 (KHTML, like Gecko; compatible; ClaudeBot/1.0; +claudebot@anthropic.com)',
yea='2026',
mon='5',
dat='17',
ip='216.73.216.45'
mysqli: Table './ulib62015/stathist_viewbib_bib_type' is marked as crashed and should be repaired
insert into stathist_viewbib_bib_type set
dat='17' ,
mon='05' ,
yea='2026' ,
statuid='20260517125351_971' ,
head='13399107786' ,
foot='marc' ,
dt='1778997231'
| LEADER : 00000nam 2200000uu 4500 |
| 008 101216s||||||||th 000 0 tha d |
| 020 0-8151-5149-7
|
| 041 0 ENG
|
| 060 4 WJ168^bB632 1991
|
| 245 00 Bladder reconstruction and continent urinary diversion /^c[edited by] Lowell R. King, Anthony R. Stone, George D. Webster
|
| 250 2nd ed
|
| 260 St. Louis, MO :^bMosby,^cc1991
|
| 300 xv, 432 p. :^bill
|
| 504 Includes bibliographical references and index
|
| 650 2 BLADDER^xSURGERY
|
| 650 2 URINARY DIVERSION^xMETHODS
|
| 700 1 King, Lowell R.,^eed
|
| 700 1 Stone, Anthony R.,^eed
|
| 700 1 Webster, George D.,^eed
|
| 945 ^p0^l0^i014181 |
| 999 ^aบรรณารักษ์
|
| คุณยังไม่ได้ล็อกอิน คุณสามารถมีกิจกรรมร่วมกับเว็บไซต์ได้ แต่ต้องล็อกอินก่อน :: |
|
|
|
| ลำดับที่ |
ประเภท |
เลขเรียก/บาร์โค้ด |
สถานที่ |
สถานะ |
| 1. |
 หนังสือ | WJ168 B632 Barcode: 014181 | หนังสือทั่วไป | บนชั้น ขอยืม |
|
ยังไม่เคยถูกคอมเมนท์
|
| คอมเมนท์ทรัพยากรรายการนี้ |
|